000
00280nam a22001217a 4500
008
241207b |||||||| |||| 00| 0 eng d
041
_a
Eng
245
_a
Voice And Data
260
_a
Delhi
_b
Cybermedia
_c
2024
300
_a
74;. P.
856
_u
www.voicendata.com
942
_c
SR
_s
1
999
_c
43166
_d
43166